[Event "Gibraltar Challengers A"]
[Site "Gibraltar"]
[Date "2020.01.23"]
[Round "4.33"]
[White "Garcia-Blazquez Perez, Manuel"]
[Black "Nergard, Ole-Kristian"]
[Result "1-0"]
[WhiteElo "1825"]
[BlackElo "1667"]
[PlyCount "66"]
[EventDate "2020.01.20"]
[EventType "swiss"]
[EventRounds "5"]
[EventCountry "GGB"]
[SourceTitle "BritBase"]
[Source "John Saunders"]
[SourceDate "2021.06.05"]
[SourceVersion "1"]
[SourceVersionDate "2021.06.05"]
[SourceQuality "1"]

1. e4 c5 2. Nf3 d6 3. d4 cxd4 4. Nxd4 Nf6 5. Nc3 g6 6. Be3 Bg7 7. f3 Nc6 8. Qd2
O-O 9. O-O-O d5 10. Kb1 Nxd4 11. e5 Nxf3 12. gxf3 Nd7 13. f4 e6 14. Nb5 f6 15.
c4 a6 16. cxd5 exd5 17. Qxd5+ Kh8 18. Na7 Rxa7 19. e6 Ra8 20. exd7 Bxd7 21.
Qxd7 Qa5 22. Qd2 Qa4 23. Qc2 Qe8 24. Bd4 Rc8 25. Qe2 Qf7 26. Bg2 b5 27. h4 a5
28. h5 a4 29. hxg6 Qxg6+ 30. f5 Qf7 31. Qh5 Qxh5 32. Rxh5 Rc4 33. Bd5 Rc7 1-0

[Event "Gibraltar Challengers A"]
[Site "Gibraltar"]
[Date "2020.01.23"]
[Round "4.37"]
[White "Kaplan, Amiram"]
[Black "Lafour, Jephte"]
[Result "1-0"]
[WhiteElo "1880"]
[BlackElo "1690"]
[PlyCount "113"]
[EventDate "2020.01.20"]
[EventType "swiss"]
[EventRounds "5"]
[EventCountry "GGB"]
[SourceTitle "BritBase"]
[Source "John Saunders"]
[SourceDate "2021.06.05"]
[SourceVersion "1"]
[SourceVersionDate "2021.06.05"]
[SourceQuality "1"]

1. e4 d5 2. exd5 Qxd5 3. Nc3 Qd6 4. d4 c6 5. h3 Nf6 6. Nf3 Bf5 7. Bd3 Bxd3 8.
Qxd3 e6 9. O-O Be7 10. Ne2 O-O 11. Bf4 Qd8 12. Rad1 Nbd7 13. c4 Qa5 14. Bd2 Bb4
15. Be3 Be7 16. a3 Rfd8 17. b4 Qc7 18. Qc2 e5 19. Rfe1 a5 20. dxe5 Nxe5 21.
Rxd8+ Bxd8 22. Nfd4 Ng6 23. Nc3 axb4 24. axb4 h6 25. Qd2 Be7 26. c5 Rd8 27. Qc2
Bf8 28. Nf5 Nd5 29. Nxd5 Rxd5 30. g4 Ne5 31. Kg2 Qd7 32. Ra1 Nd3 33. Qc4 Ne5
34. Qe4 Ng6 35. Ra8 Re5 36. Qc4 Re8 37. Rxe8 Qxe8 38. Qd4 Qe6 39. Nd6 Bxd6 40.
cxd6 Ne5 41. Bf4 Nd7 42. Qc3 f6 43. b5 Qd5+ 44. Kg3 Qxb5 45. Qe3 Ne5 46. Bxe5
fxe5 47. Qd2 Qb6 48. d7 Qd8 49. Qd6 Kf7 50. Kf3 c5 51. Ke4 c4 52. Kxe5 Qe7+ 53.
Kd5 c3 54. d8=Q Qxd8 55. Qxd8 c2 56. Qc7+ Kg6 57. Qxc2+ 1-0

[Event "Gibraltar Challengers B"]
[Site "Gibraltar"]
[Date "2020.01.25"]
[Round "1.1"]
[White "Sousa, Ludy Helsio Paulo"]
[Black "Bujakevich, Aleksandr"]
[Result "1/2-1/2"]
[WhiteElo "2247"]
[BlackElo "2014"]
[PlyCount "130"]
[EventDate "2020.01.25"]
[EventType "swiss"]
[EventRounds "5"]
[EventCountry "GGB"]
[SourceTitle "BritBase"]
[Source "John Saunders"]
[SourceDate "2021.06.05"]
[SourceVersion "1"]
[SourceVersionDate "2021.06.05"]
[SourceQuality "1"]

1. e4 e6 2. d4 d5 3. e5 c5 4. c3 Nc6 5. Nf3 Qb6 6. a3 cxd4 7. cxd4 Nge7 8. b4
Nf5 9. Bb2 Be7 10. Bd3 O-O 11. h4 f6 12. g4 fxe5 13. dxe5 Ne3 14. Qe2 Ng2+ 15.
Kf1 Nf4 16. Qc2 Nxd3 17. Qxd3 Bd7 18. Kg2 Rf4 19. Kg3 Raf8 20. Nbd2 h5 21. gxh5
Be8 22. Rh3 Bxh5 23. Kg2 Bg4 24. Rg3 Bxh4 25. Nxh4 Qxf2+ 26. Kh1 Bf3+ 27. Rxf3
Rxh4+ 28. Rh3 Rxh3+ 29. Qxh3 Qxd2 30. Qxe6+ Kh7 31. Rg1 Qh6+ 32. Qxh6+ Kxh6 33.
e6 g6 34. b5 Ne7 35. Bd4 b6 36. Be3+ Kg7 37. Bg5 Rh8+ 38. Kg2 Kf8 39. Rf1+ Nf5
40. Rc1 Nd6 41. Bf6 Rh7 42. Rc6 Ne8 43. Rc8 Rh5 44. Kg3 d4 45. a4 Rd5 46. Ra8
d3 47. Bc3 d2 48. Bb4+ Kg7 49. Bxd2 Rxd2 50. Rxe8 Kf6 51. Ra8 Rd3+ 52. Kf2 Kxe6
53. Rxa7 Rd6 54. Kg3 Kd5 55. Rc7 Rd8 56. Ra7 Kc5 57. Kf4 Rd5 58. Ke4 Rg5 59.
Rc7+ Kb4 60. Ra7 Rg1 61. Kd5 Rc1 62. Ra6 g5 63. Rxb6 Kxa4 64. Rc6 Rb1 65. Ra6+
Kxb5 1/2-1/2

[Event "Gibraltar Challengers B"]
[Site "Gibraltar"]
[Date "2020.01.25"]
[Round "1.2"]
[White "Filipovich, David"]
[Black "Meszaros, Andras"]
[Result "1/2-1/2"]
[WhiteElo "1995"]
[BlackElo "2244"]
[PlyCount "37"]
[EventDate "2020.01.25"]
[EventType "swiss"]
[EventRounds "5"]
[EventCountry "GGB"]
[SourceTitle "BritBase"]
[Source "John Saunders"]
[SourceDate "2021.06.05"]
[SourceVersion "1"]
[SourceVersionDate "2021.06.05"]
[SourceQuality "1"]

1. Nf3 g6 2. g3 Bg7 3. Bg2 d6 4. O-O Nf6 5. d4 O-O 6. b3 e5 7. dxe5 Ng4 8. Bg5
Qe8 9. Nc3 Nxe5 10. Nd5 Na6 11. Nf6+ Bxf6 12. Bxf6 Qe6 13. Bg5 Qf5 14. Qd2
Nxf3+ 15. Bxf3 Nc5 16. c4 Ne4 17. Bxe4 Qxe4 18. Bh6 Re8 19. Rfe1 1/2-1/2

[Event "Gibraltar Challengers B"]
[Site "Gibraltar"]
[Date "2020.01.25"]
[Round "1.3"]
[White "Oragwu, Chukwunonso"]
[Black "Gonzalvez Perales, Jose Luis"]
[Result "1-0"]
[WhiteElo "2220"]
[BlackElo "1992"]
[PlyCount "51"]
[EventDate "2020.01.25"]
[EventType "swiss"]
[EventRounds "5"]
[EventCountry "GGB"]
[SourceTitle "BritBase"]
[Source "John Saunders"]
[SourceDate "2021.06.05"]
[SourceVersion "1"]
[SourceVersionDate "2021.06.05"]
[SourceQuality "1"]

1. e4 c6 2. d4 d5 3. Nd2 dxe4 4. Nxe4 Bf5 5. Ng3 Bg6 6. Nf3 e6 7. h4 h6 8. h5
Bh7 9. Bd3 Bxd3 10. Qxd3 Nd7 11. Bf4 Ngf6 12. O-O-O Qa5 13. Kb1 Nd5 14. Bd2 Qc7
15. c4 N5f6 16. Ne4 O-O-O 17. g3 Nxe4 18. Qxe4 Be7 19. c5 Rhe8 20. Bf4 Qa5 21.
Ne5 Nf6 22. Qe2 Nd5 23. Nxf7 Nxf4 24. gxf4 Rd5 25. Qxe6+ Kb8 26. Nd6 1-0

[Event "Gibraltar Challengers B"]
[Site "Gibraltar"]
[Date "2020.01.25"]
[Round "1.4"]
[White "Cannon, Richard J"]
[Black "Rodriguez Perez, Angel Mariano"]
[Result "1-0"]
[WhiteElo "1990"]
[BlackElo "2220"]
[PlyCount "123"]
[EventDate "2020.01.25"]
[EventType "swiss"]
[EventRounds "5"]
[EventCountry "GGB"]
[SourceTitle "BritBase"]
[Source "John Saunders"]
[SourceDate "2021.06.05"]
[SourceVersion "1"]
[SourceVersionDate "2021.06.05"]
[SourceQuality "1"]

1. e4 c5 2. Nf3 Nc6 3. d4 cxd4 4. Nxd4 g6 5. Nc3 Bg7 6. Be3 Nf6 7. Be2 O-O 8.
O-O d5 9. exd5 Nb4 10. d6 Qxd6 11. Ncb5 Qb8 12. c4 e5 13. Nc2 Nc6 14. Bc5 Bf5
15. Bxf8 Qxf8 16. Ne3 Rd8 17. Qc1 Bh6 18. Rd1 Nd4 19. Bf1 Ng4 20. Na3 Bxe3 21.
fxe3 Qh6 22. h3 Qxe3+ 23. Qxe3 Nxe3 24. Re1 Nec2 25. Nxc2 Nxc2 26. Rad1 Re8 27.
Re2 Nb4 28. Red2 Nc6 29. g4 Be6 30. Bg2 Bxc4 31. Bxc6 bxc6 32. Rd8 Kf8 33.
Rxe8+ Kxe8 34. Re1 f6 35. g5 Kf7 36. b3 Bd5 37. gxf6 Kxf6 38. Kf2 e4 39. Rg1
Kf5 40. Ke3 a6 41. h4 h6 42. Rg2 g5 43. hxg5 hxg5 44. Rg3 c5 45. Rg1 c4 46. Kd4
Bc6 47. bxc4 Kf4 48. Rf1+ Kg3 49. Rf6 Bb7 50. Rb6 Bc8 51. Kxe4 Kf2 52. Rg6 g4
53. Kf4 Ke2 54. c5 Kd3 55. Rxg4 Be6 56. Rg2 Bd5 57. Rh2 Kd4 58. Rc2 Kd3 59. Ke5
Bc6 60. Rc1 Kd2 61. Rc4 Kd3 62. Rh4 1-0

[Event "Gibraltar Challengers B"]
[Site "Gibraltar"]
[Date "2020.01.25"]
[Round "1.5"]
[White "Enkhtuul, Altan-Ulzii"]
[Black "Alami, Halim"]
[Result "1-0"]
[WhiteElo "2200"]
[BlackElo "1987"]
[PlyCount "45"]
[EventDate "2020.01.25"]
[EventType "swiss"]
[EventRounds "5"]
[EventCountry "GGB"]
[SourceTitle "BritBase"]
[Source "John Saunders"]
[SourceDate "2021.06.05"]
[SourceVersion "1"]
[SourceVersionDate "2021.06.05"]
[SourceQuality "1"]

1. Nf3 d5 2. b3 e6 3. Bb2 Nf6 4. g3 c5 5. Bg2 Nc6 6. O-O Bd7 7. d3 b5 8. Nbd2
a5 9. c4 b4 10. d4 a4 11. Rc1 a3 12. Ba1 cxd4 13. Nxd4 Nxd4 14. Bxd4 Bc6 15.
cxd5 Bxd5 16. Bxf6 gxf6 17. e4 Bb7 18. Qe2 Ba6 19. Nc4 Ra7 20. e5 Bg7 21. Qe3
Qe7 22. Nd6+ Kf8 23. Nc8 1-0

[Event "Gibraltar Challengers B"]
[Site "Gibraltar"]
[Date "2020.01.25"]
[Round "1.6"]
[White "Fernandez Lopategi, Jon Andoni"]
[Black "Yanev, Pavel"]
[Result "0-1"]
[WhiteElo "1987"]
[BlackElo "2200"]
[PlyCount "100"]
[EventDate "2020.01.25"]
[EventType "swiss"]
[EventRounds "5"]
[EventCountry "GGB"]
[SourceTitle "BritBase"]
[Source "John Saunders"]
[SourceDate "2021.06.05"]
[SourceVersion "1"]
[SourceVersionDate "2021.06.05"]
[SourceQuality "1"]

1. d4 Nf6 2. Nf3 b6 3. Bf4 Bb7 4. e3 g6 5. h3 Bg7 6. Be2 d6 7. Nbd2 Nbd7 8. O-O
O-O 9. c3 e6 10. Qc2 Qe7 11. e4 e5 12. dxe5 dxe5 13. Bh2 Nh5 14. Rfe1 Nf4 15.
Bf1 Rad8 16. Rad1 Nc5 17. b4 Nce6 18. g3 Nh5 19. Nc4 Ng5 20. Nxg5 Qxg5 21. Qc1
Rxd1 22. Qxd1 Rd8 23. Qg4 Qe7 24. Qe2 Qd7 25. Nb2 Qc6 26. Qc2 Nf6 27. Bg2 Qe6
28. Rd1 Rxd1+ 29. Nxd1 Qc4 30. f3 Bh6 31. Bf1 Qe6 32. Kg2 Ne8 33. Bg1 Nd6 34.
Be3 Bxe3 35. Nxe3 f5 36. exf5 gxf5 37. Qb3 Kf7 38. Kf2 Kf6 39. Qxe6+ Kxe6 40.
Bd3 h5 41. g4 f4 42. Nf5 hxg4 43. hxg4 Kf6 44. a4 a5 45. bxa5 bxa5 46. Nxd6
cxd6 47. Bb5 Kg5 48. Be2 e4 49. fxe4 Bxe4 50. Bd1 Bc6 0-1

[Event "Gibraltar Challengers B"]
[Site "Gibraltar"]
[Date "2020.01.25"]
[Round "1.7"]
[White "Levay, Sorin"]
[Black "Paul, Nathanael"]
[Result "1-0"]
[WhiteElo "2192"]
[BlackElo "1987"]
[PlyCount "153"]
[EventDate "2020.01.25"]
[EventType "swiss"]
[EventRounds "5"]
[EventCountry "GGB"]
[SourceTitle "BritBase"]
[Source "John Saunders"]
[SourceDate "2021.06.05"]
[SourceVersion "1"]
[SourceVersionDate "2021.06.05"]
[SourceQuality "1"]

1. e4 c6 2. d3 d5 3. Nd2 e5 4. Ngf3 Bd6 5. d4 exd4 6. exd5 Nf6 7. dxc6 Nxc6 8.
Nb3 Bg4 9. Be2 Bxf3 10. Bxf3 Qe7+ 11. Qe2 O-O-O 12. Qxe7 Bxe7 13. Bxc6 bxc6 14.
Bg5 h6 15. Bxf6 Bxf6 16. O-O-O Rd5 17. Rhe1 Rhd8 18. Rd3 Kc7 19. Kd1 a5 20. Nd2
Rb8 21. b3 a4 22. Ne4 Be5 23. g3 f5 24. Nd2 Bf6 25. f4 axb3 26. cxb3 Ra5 27. a4
Raa8 28. Kc2 Re8 29. Rxe8 Rxe8 30. Kd1 Kd6 31. Nc4+ Kc5 32. Kc2 Re7 33. Rd2 h5
34. Nb2 Re3 35. Nd3+ Kd5 36. a5 c5 37. Kb1 Kc6 38. a6 Kb6 39. a7 Re8 40. Rc2
Kxa7 41. Rxc5 Re3 42. Kc2 Re2+ 43. Kd1 Rxh2 44. Rxf5 Rh3 45. Ke2 Rxg3 46. Rxh5
Kb6 47. b4 Re3+ 48. Kd2 Rg3 49. Kc2 Re3 50. Rc5 Rh3 51. Ra5 Rf3 52. Rf5 Rh3 53.
Rc5 Rf3 54. Rc8 Kb7 55. Re8 Kb6 56. Rb8+ Kc7 57. Rf8 Kb6 58. Re8 Kc6 59. Re5
Kb6 60. Rh5 Rg3 61. Nb2 Rc3+ 62. Kd2 Rf3 63. Nc4+ Kb7 64. Rb5+ Kc6 65. Rc5+ Kb7
66. b5 Rxf4 67. Rc6 Be7 68. Na5+ Kb8 69. Kd3 Bb4 70. Nb3 Rf6 71. Nxd4 Ba5 72.
Rxf6 gxf6 73. Nc6+ Kb7 74. Nxa5+ Kb6 75. Kc4 Kxa5 76. Kc5 f5 77. b6 1-0

[Event "Gibraltar Challengers B"]
[Site "Gibraltar"]
[Date "2020.01.25"]
[Round "1.8"]
[White "Herzwurm, Robert"]
[Black "Prieto Martin, Alfonso"]
[Result "0-1"]
[WhiteElo "1979"]
[BlackElo "2181"]
[PlyCount "128"]
[EventDate "2020.01.25"]
[EventType "swiss"]
[EventRounds "5"]
[EventCountry "GGB"]
[SourceTitle "BritBase"]
[Source "John Saunders"]
[SourceDate "2021.06.05"]
[SourceVersion "1"]
[SourceVersionDate "2021.06.05"]
[SourceQuality "1"]

1. e4 c5 2. Nc3 g6 3. f4 Bg7 4. Nf3 Nc6 5. Bb5 Nd4 6. O-O a6 7. Bd3 d6 8. Nxd4
cxd4 9. Ne2 Nf6 10. b3 Bg4 11. h3 Bxe2 12. Qxe2 O-O 13. g4 Nd7 14. Bb2 e5 15.
Kg2 Nc5 16. Ba3 Ne6 17. f5 Nf4+ 18. Rxf4 exf4 19. Qf2 Be5 20. Kf3 Rc8 21. Bb2
Qf6 22. Rg1 h6 23. h4 g5 24. Rh1 Kg7 25. Rh3 Rh8 26. Qh2 Rcg8 27. h5 Rc8 28.
Qe2 Rc6 29. Rh1 Rhc8 30. Rc1 Qd8 31. Qf2 Qb6 32. Qe1 f6 33. Qe2 Qc5 34. Qd1 b5
35. a3 Qb6 36. Qf1 Qa5 37. Qf2 Qb6 38. Qf1 a5 39. Qf2 a4 40. b4 Qa7 41. Qg1 Qb6
42. Qf2 R6c7 43. Qg1 Rb8 44. Qf2 Rd7 45. Qe2 Qc6 46. Qe1 d5 47. Qe2 dxe4+ 48.
Qxe4 Qd6 49. Ra1 Qb6 50. Qe2 Re7 51. Qf2 Qd6 52. Qe2 Qc7 53. Qf2 Rd8 54. Rc1
Qc6+ 55. Be4 Qc4 56. Ra1 Bb8 57. Qf1 Ba7 58. Qxc4 bxc4 59. Re1 Rde8 60. d3 cxd3
61. cxd3 Rc8 62. Re2 Kf8 63. Rd2 Rec7 64. Re2 Rc2 0-1

[Event "Gibraltar Challengers B"]
[Site "Gibraltar"]
[Date "2020.01.25"]
[Round "1.9"]
[White "Galvan, Jesus"]
[Black "Wang, Cong"]
[Result "1-0"]
[WhiteElo "2180"]
[BlackElo "1975"]
[PlyCount "103"]
[EventDate "2020.01.25"]
[EventType "swiss"]
[EventRounds "5"]
[EventCountry "GGB"]
[SourceTitle "BritBase"]
[Source "John Saunders"]
[SourceDate "2021.06.05"]
[SourceVersion "1"]
[SourceVersionDate "2021.06.05"]
[SourceQuality "1"]

1. d4 d5 2. c4 e6 3. Nc3 Nf6 4. Bg5 Nbd7 5. cxd5 exd5 6. e3 Be7 7. Bd3 O-O 8.
Nge2 h6 9. Bh4 b6 10. Qc2 Bb7 11. f3 c5 12. O-O-O cxd4 13. exd4 Rc8 14. Kb1 Nb8
15. Bf5 Rc4 16. Ka1 a6 17. g4 Nfd7 18. Bg3 b5 19. Bd3 Rc6 20. Qd2 Nb6 21. Bc2
b4 22. Nb1 Nc4 23. Qd3 g6 24. b3 Nd6 25. h4 a5 26. Nf4 Ba6 27. Qd2 Nb5 28. Bf2
Kg7 29. Be3 Qd7 30. h5 g5 31. Bf5 Qd6 32. Ne2 Bc8 33. Bd3 Ba6 34. Rhg1 Nc3 35.
Ng3 Bxd3 36. Qxd3 Qd7 37. Nf5+ Kg8 38. Rc1 Rfc8 39. Bd2 Nxb1 40. Kxb1 Bf8 41.
f4 Rxc1+ 42. Rxc1 Rxc1+ 43. Bxc1 Qd8 44. Qb5 Kh7 45. Qb7 Kg8 46. fxg5 hxg5 47.
h6 Qe8 48. Qxd5 Qe6 49. Qh1 Qg6 50. Qa8 Nc6 51. Ka1 Nxd4 52. Ne7+ 1-0

[Event "Gibraltar Challengers B"]
[Site "Gibraltar"]
[Date "2020.01.25"]
[Round "1.10"]
[White "Boardman, Jeffrey"]
[Black "Tejaswini, Sagar"]
[Result "1/2-1/2"]
[WhiteElo "1972"]
[BlackElo "2180"]
[PlyCount "69"]
[EventDate "2020.01.25"]
[EventType "swiss"]
[EventRounds "5"]
[EventCountry "GGB"]
[SourceTitle "BritBase"]
[Source "John Saunders"]
[SourceDate "2021.06.05"]
[SourceVersion "1"]
[SourceVersionDate "2021.06.05"]
[SourceQuality "1"]

1. b3 e5 2. Bb2 Nc6 3. e3 Nf6 4. Bb5 Bd6 5. Na3 Na5 6. Be2 a6 7. Nf3 Qe7 8. Nb1
O-O 9. d4 exd4 10. Nxd4 Be5 11. Nc3 d6 12. Nf3 Nc6 13. O-O Re8 14. Nxe5 dxe5
15. e4 Nd4 16. Nd5 Nxd5 17. exd5 Qc5 18. c4 c6 19. Bxd4 exd4 20. dxc6 bxc6 21.
Bf3 a5 22. Qd2 Bf5 23. Qg5 h6 24. Qf4 Bg6 25. Rfe1 d3 26. g3 Rad8 27. Rxe8+
Rxe8 28. Rd1 Qb4 29. Qd2 Qxd2 30. Rxd2 Re1+ 31. Kg2 Rc1 32. Bxc6 Rc2 33. Rd1
Rxa2 34. Kf3 Rb2 35. Be4 1/2-1/2

[Event "Gibraltar Challengers B"]
[Site "Gibraltar"]
[Date "2020.01.25"]
[Round "1.11"]
[White "Ask, Josef"]
[Black "Manukonda, Arun"]
[Result "1-0"]
[WhiteElo "2174"]
[BlackElo "1959"]
[PlyCount "79"]
[EventDate "2020.01.25"]
[EventType "swiss"]
[EventRounds "5"]
[EventCountry "GGB"]
[SourceTitle "BritBase"]
[Source "John Saunders"]
[SourceDate "2021.06.05"]
[SourceVersion "1"]
[SourceVersionDate "2021.06.05"]
[SourceQuality "1"]

1. b3 e5 2. Bb2 Nc6 3. g3 Nf6 4. Bg2 d5 5. d3 Bg4 6. h3 Bh5 7. Nd2 Be7 8. a3
O-O 9. c4 a5 10. cxd5 Nxd5 11. Ngf3 Re8 12. O-O Bf8 13. Rc1 Nd4 14. e3 Nc6 15.
Qc2 f5 16. Rfe1 Bf7 17. e4 fxe4 18. Rxe4 Nf6 19. Re3 Nd5 20. Ree1 Bd6 21. Ne4
Kh8 22. Nc5 Bxc5 23. Qxc5 Qd6 24. Ng5 Bg8 25. Ne4 Qg6 26. Qb5 Ra6 27. Nc5 Rb6
28. Qa4 Rf8 29. Nd7 Rf4 30. gxf4 Rb4 31. Rxc6 bxc6 32. Nxe5 Qf5 33. axb4 Nxf4
34. Qxc6 Qg5 35. Re3 h5 36. Kh2 h4 37. Be4 axb4 38. Ng6+ Nxg6 39. Qxg6 Qf4+ 40.
Kg2 1-0

[Event "Gibraltar Challengers B"]
[Site "Gibraltar"]
[Date "2020.01.25"]
[Round "1.12"]
[White "Perez Ruiz, Santiago"]
[Black "Zulkipli, Zaidan"]
[Result "0-1"]
[WhiteElo "1953"]
[BlackElo "2174"]
[PlyCount "90"]
[EventDate "2020.01.25"]
[EventType "swiss"]
[EventRounds "5"]
[EventCountry "GGB"]
[SourceTitle "BritBase"]
[Source "John Saunders"]
[SourceDate "2021.06.05"]
[SourceVersion "1"]
[SourceVersionDate "2021.06.05"]
[SourceQuality "1"]

1. d4 Nf6 2. Nf3 e6 3. c4 b6 4. Nc3 Bb4 5. Qc2 Bb7 6. Bg5 h6 7. Bh4 g5 8. Bg3
Na6 9. a3 Bxc3+ 10. Qxc3 Ne4 11. Qc2 d6 12. e3 Qd7 13. Bd3 f5 14. b4 Nb8 15.
Rd1 Qg7 16. d5 e5 17. Bxe4 fxe4 18. Qxe4 O-O 19. c5 Nd7 20. c6 Nf6 21. Qc4 Bc8
22. h4 Re8 23. hxg5 hxg5 24. Qc2 Bg4 25. Rd2 a5 26. b5 Re7 27. Nh2 Bh5 28. e4
Rf8 29. f3 Kf7 30. Bf2 g4 31. Bh4 Ke8 32. fxg4 Bxg4 33. Rf1 Ref7 34. Rdf2 Bh5
35. Rxf6 Rxf6 36. Rxf6 Rxf6 37. Bxf6 Qxf6 38. Qf2 Qg5 39. Nf3 Qc1+ 40. Ke2 Qc4+
41. Ke1 Qxe4+ 42. Kf1 Qxd5 43. Kg1 Bxf3 44. Qh4 Qg8 45. Qh6 Qxg2# 0-1

[Event "Gibraltar Challengers B"]
[Site "Gibraltar"]
[Date "2020.01.25"]
[Round "1.13"]
[White "Mihajlov, Svetoslav"]
[Black "Fabregas, Oliver"]
[Result "1-0"]
[WhiteElo "2173"]
[BlackElo "1951"]
[PlyCount "77"]
[EventDate "2020.01.25"]
[EventType "swiss"]
[EventRounds "5"]
[EventCountry "GGB"]
[SourceTitle "BritBase"]
[Source "John Saunders"]
[SourceDate "2021.06.05"]
[SourceVersion "1"]
[SourceVersionDate "2021.06.05"]
[SourceQuality "1"]

1. d4 Nf6 2. c4 e6 3. Nf3 Bb4+ 4. Nbd2 b6 5. e3 Bb7 6. Be2 O-O 7. O-O d5 8. a3
Be7 9. b3 Nbd7 10. cxd5 Nxd5 11. Bb2 c5 12. Rc1 Rc8 13. dxc5 Rxc5 14. Rxc5 Nxc5
15. b4 Nd7 16. Qa4 a5 17. bxa5 Nc5 18. Qg4 Nf6 19. Bxf6 Bxf6 20. Qb4 Nd7 21. a6
Ba8 22. Nc4 Be7 23. Qb2 Qc7 24. Nd4 Bd5 25. Nd2 Rc8 26. Nb5 Qb8 27. Bf3 Qa8 28.
a7 h6 29. Rc1 Nc5 30. Qe5 Bf6 31. Bxd5 exd5 32. Qd6 Kh7 33. h3 Bd8 34. Nf3 Qb7
35. Rd1 Ra8 36. Qxd5 Qc8 37. Qxd8 Qxd8 38. Rxd8 Rxd8 39. Nc7 1-0

[Event "Gibraltar Challengers B"]
[Site "Gibraltar"]
[Date "2020.01.25"]
[Round "1.14"]
[White "Mao, Yingzhou"]
[Black "Hristodorescu, Daniel"]
[Result "0-1"]
[WhiteElo "1948"]
[BlackElo "2172"]
[PlyCount "122"]
[EventDate "2020.01.25"]
[EventType "swiss"]
[EventRounds "5"]
[EventCountry "GGB"]
[SourceTitle "BritBase"]
[Source "John Saunders"]
[SourceDate "2021.06.05"]
[SourceVersion "1"]
[SourceVersionDate "2021.06.05"]
[SourceQuality "1"]

1. d4 Nf6 2. Nf3 g6 3. g3 Bg7 4. Bg2 O-O 5. O-O c6 6. c4 d6 7. Nc3 Bf5 8. Ne1
Qc8 9. e4 Bg4 10. f3 Bd7 11. a4 a5 12. Nd3 Na6 13. Bg5 h6 14. Be3 Nb4 15. Qd2
Kh7 16. g4 Ng8 17. Rae1 f5 18. exf5 gxf5 19. h3 e5 20. dxe5 dxe5 21. Bc5 Re8
22. Nd1 Nxd3 23. Qxd3 Kh8 24. Ne3 f4 25. Nd1 b5 26. Nf2 Be6 27. b3 bxc4 28.
bxc4 Qa6 29. Rc1 Rad8 30. Qc2 Nf6 31. h4 Bg8 32. g5 Nd7 33. Bd6 Nb6 34. c5 Nc4
35. gxh6 Bxh6 36. Qe2 Bd5 37. Ng4 Bg7 38. h5 Rxd6 39. cxd6 Qa7+ 40. Qf2 Qxf2+
41. Rxf2 Nxd6 42. h6 Bf8 43. Nf6 Rd8 44. Rd2 Nb7 45. Rcd1 Bb4 46. Rd3 Nc5 47.
Bh3 Nxd3 48. Rxd3 Bc5+ 49. Kh2 Bd4 50. Bd7 Bc4 51. Rd2 Bb3 52. h7 c5 53. Re2 e4
54. Rxe4 Bxf6 55. Bf5 Bc2 56. Re6 Bxf5 57. Rxf6 Rd2+ 58. Kg1 Bxh7 59. Rxf4 Bg8
60. Kf1 c4 61. Ke1 Ra2 0-1

[Event "Gibraltar Challengers B"]
[Site "Gibraltar"]
[Date "2020.01.25"]
[Round "1.15"]
[White "Sanchez Jerez, Emilio Miguel"]
[Black "Maldonado Mena, German"]
[Result "1-0"]
[WhiteElo "2168"]
[BlackElo "1946"]
[PlyCount "84"]
[EventDate "2020.01.25"]
[EventType "swiss"]
[EventRounds "5"]
[EventCountry "GGB"]
[SourceTitle "BritBase"]
[Source "John Saunders"]
[SourceDate "2021.06.05"]
[SourceVersion "1"]
[SourceVersionDate "2021.06.05"]
[SourceQuality "1"]

1. b4 d5 2. Bb2 Qd6 3. a3 a5 4. b5 a4 5. e3 Nd7 6. Nf3 c6 7. c4 Nc5 8. Be5 Qe6
9. cxd5 cxd5 10. Nc3 Nf6 11. d4 Nb3 12. b6 Qxb6 13. Bb5+ Bd7 14. Bxd7+ Kxd7 15.
O-O Qa5 16. Nxa4 Nxa1 17. Nc5+ Ke8 18. Qxa1 b6 19. Rc1 Qxa3 20. Qb1 bxc5 21.
dxc5 Nd7 22. c6 Nxe5 23. Nxe5 f6 24. c7 fxe5 25. c8=Q+ Rxc8 26. Rxc8+ Kd7 27.
Qb7+ Ke6 28. Qc6+ Kf5 29. g4+ Ke4 30. Qe6 g6 31. Kg2 Qb2 32. Rc4+ d4 33. Rxd4+
Qxd4 34. exd4 Kxd4 35. Kf3 Bh6 36. Qd7+ Kc4 37. Qxe7 Kd4 38. Qd6+ Kc4 39. Qxe5
Rf8+ 40. Kg2 g5 41. Qe6+ Kd4 42. Qxh6 Kd5 1-0

[Event "Gibraltar Challengers B"]
[Site "Gibraltar"]
[Date "2020.01.25"]
[Round "1.16"]
[White "Garcia Rodriguez, Inaki"]
[Black "Nebel, Jens"]
[Result "0-1"]
[WhiteElo "1944"]
[BlackElo "2168"]
[PlyCount "72"]
[EventDate "2020.01.25"]
[EventType "swiss"]
[EventRounds "5"]
[EventCountry "GGB"]
[SourceTitle "BritBase"]
[Source "John Saunders"]
[SourceDate "2021.06.05"]
[SourceVersion "1"]
[SourceVersionDate "2021.06.05"]
[SourceQuality "1"]

1. d4 f5 2. Bg5 h6 3. Bh4 g5 4. Bg3 Bg7 5. e3 Nf6 6. Nc3 c5 7. d5 d6 8. h4 Qa5
9. Qd2 Nh5 10. Bh2 Na6 11. Bb5+ Kd8 12. Be2 g4 13. Bxa6 bxa6 14. Nge2 Rb8 15.
O-O Rxb2 16. Rab1 Rb4 17. Qd3 Rf8 18. Rxb4 cxb4 19. Nb1 Qxa2 20. Nd2 Qa5 21.
Rb1 Bb7 22. c4 bxc3 23. Nxc3 Qxc3 24. Qxc3 Bxc3 25. Rxb7 Kc8 26. Rxa7 Kb8 27.
Rxe7 g3 28. fxg3 Bxd2 29. g4 fxg4 30. Bxd6+ Ka8 31. Bc5 Rc8 32. Bd4 Be1 33.
Ra7+ Kb8 34. Rxa6 Rc1 35. Kf1 Ng3+ 36. Kg1 Nh5 0-1

[Event "Gibraltar Challengers B"]
[Site "Gibraltar"]
[Date "2020.01.25"]
[Round "1.17"]
[White "De Abreu, Roberto N"]
[Black "Adewole, Adeyinka"]
[Result "1-0"]
[WhiteElo "2154"]
[BlackElo "1941"]
[PlyCount "91"]
[EventDate "2020.01.25"]
[EventType "swiss"]
[EventRounds "5"]
[EventCountry "GGB"]
[SourceTitle "BritBase"]
[Source "John Saunders"]
[SourceDate "2021.06.05"]
[SourceVersion "1"]
[SourceVersionDate "2021.06.05"]
[SourceQuality "1"]

1. d4 e6 2. c4 f5 3. g3 Nf6 4. Bg2 d5 5. Nf3 c5 6. cxd5 exd5 7. Nc3 c4 8. Bg5
Be7 9. Ne5 Be6 10. Qa4+ Kf8 11. b3 Qb6 12. Rd1 Bb4 13. Bd2 Na6 14. O-O cxb3 15.
Nxd5 Bxd5 16. Bxd5 Bxd2 17. Nd7+ Nxd7 18. Qxd7 Qc7 19. Qxf5+ Ke8 20. Rxd2 bxa2
21. Rc2 Qd7 22. Be6 Qe7 23. Rxa2 Nb4 24. Ra3 Kd8 25. Rc3 Re8 26. d5 Qf6 27.
Qxf6+ gxf6 28. Rfc1 Na2 29. Rc8+ Ke7 30. R8c7+ Kd6 31. Rd7+ Ke5 32. Rc4 Rxe6
33. dxe6 b5 34. Rcc7 Kxe6 35. Rxa7 Rxa7 36. Rxa7 Nc3 37. Kf1 Kd5 38. Rxh7 b4
39. Rb7 Kc4 40. Ke1 b3 41. Kd2 Ne4+ 42. Kc1 Nxf2 43. h4 Ne4 44. h5 Nxg3 45. h6
Nxe2+ 46. Kb2 1-0